| 000 | 01424cam a2200385 a 4500 | ||
|---|---|---|---|
| 001 | 4437006 | ||
| 003 | OSt | ||
| 005 | 20140310182035.0 | ||
| 008 | 940108s1992 ilua j 000 0 eng d | ||
| 010 | _a 94103093 | ||
| 020 |
_a1561737208 : _c$5.00 |
||
| 035 | _a(DLC) 94103093 | ||
| 035 | _a(OCoLC)27800219 | ||
| 040 |
_aOCl _cOCl _dIWhN _dDLC |
||
| 042 |
_alccopycat _alcac |
||
| 050 | 0 | 0 |
_aBS 570 _b.R43 1994 |
| 082 | 0 | 0 |
_aHS 220.92 _bW62 1994 |
| 100 | 1 |
_aBrill, Marlene Targ. _910634 |
|
| 245 | 1 | 0 |
_aReader's Digest : _cWho's who in the Bible / |
| 260 |
_aPleasantville, N.Y. : _bReader's Digest Association, _cc1994. |
||
| 300 |
_a480 p. : _bcol. ill., col. maps ; _c28 cm. |
||
| 490 | 1 | _aChildren's Bible stories | |
| 520 | _aRetells the story of David whose faith in God helped him overcome the Philistine giant Goliath. | ||
| 600 | 0 | 0 |
_aDavid, _cKing of Israel _vJuvenile literature. _910650 |
| 600 | 0 | 1 |
_aDavid, _cKing of Israel. _910651 |
| 600 | 0 | 1 |
_aGoliath _c(Biblical giant) _910652 |
| 630 | 0 | 0 |
_aBible. _pO.T. _vBiography _vJuvenile literature. _910653 |
| 650 | 1 |
_aBible stories _xO.T. _910654 |
|
| 700 | 1 |
_aGianni, Thomas, _eill. _910655 |
|
| 800 | 1 |
_aBrill, Marlene Targ. _tChildren's Bible stories. _910656 |
|
| 906 |
_a7 _bcbc _ccopycat _d3 _encip _f19 _gy-gencatlg |
||
| 942 |
_2lcc _cHS |
||
| 999 |
_c8665 _d8665 |
||